La plaza del diamante

Salvato in:
Dettagli Bibliografici
Autore principale: Rodoreda, Mercè (Autore)
Natura: Libro
Lingua:spagnolo
Pubblicazione: Barcelona Edhasa 1982
Soggetti:
Tags: Aggiungi Tag
Nessun Tag, puoi essere il primo ad aggiungerne!!

MARC

LEADER 00000nam a2200000 a 4500
001 UCM7591
003 CL-VaPUC
008 021227e19820000SP |||||||||||||||||spa|d
082 0 4 |a 849.93  |b ROD  |2 21 
100 |a Rodoreda, Mercè  |e author  |9 421794 
245 1 3 |a La plaza del diamante 
300 |a 254 p 
942 |c BK 
945 |d 20021227 00:00:00  |a cmena 
260 |a Barcelona  |b Edhasa  |c 1982 
650 7 |a NOVELAS CATALANAS  |2 CL-VaPUC  |9 473244 
583 |a last modification  |c 20021227 00:00:00  |k Rodrigo Vera 
999 |c 302342  |d 302340 
952 |0 0  |1 0  |4 0  |6 849_930000000000000_ROD_1982  |7 0  |8 R  |9 362806  |a BIBEDU  |b BIBEDU  |c MCIRC  |d 2019-11-21  |i 2040468  |o 849.93 ROD 1982  |p 2040468  |r 2023-01-13  |w 2019-11-21  |y BK_R  |k LIT